LEADER 01248nam--2200397---450- 001 990001935320203316 005 20090114111017.0 035 $a000193532 035 $aUSA01000193532 035 $a(ALEPH)000193532USA01 035 $a000193532 100 $a20040817d1967----km-y0itay0103----ba 101 0 $aita 102 $aIT 105 $a||||||||001yy 200 1 $aChe cos'č e come si attua la programmazione della produzione industriale$fPasquale Adessa 210 $aMilano$cKompass$d1967 215 $a128 p.$d17 cm 225 2 $aMondo industriale moderno 410 0$12001$aMondo industriale moderno 454 1$12001 461 1$1001-------$12001 606 0 $aProduzione$xProgrammazione 676 $a658.8 700 1$aADESSA,$bPasquale$0565423 801 0$aIT$bsalbc$gISBD 912 $a990001935320203316 951 $a658.8 ADE 1 (IRA 5 21)$b10002 GIU$cIRA 5$d00011290 959 $aBK 969 $aECO 979 $aSIAV1$b10$c20040817$lUSA01$h1025 979 $aRSIAV2$b90$c20090114$lUSA01$h1109 979 $aRSIAV2$b90$c20090114$lUSA01$h1109 979 $aRSIAV2$b90$c20090114$lUSA01$h1110 996 $aChe cos'č e come si attua la programmazione della produzione industriale$91045206 997 $aUNISA LEADER 01856nam a2200349 i 4500 001 991002465809707536 008 140326s2013 it adf 000 0 ita 020 $a9788859000679 035 $ab14178801-39ule_inst 040 $aBibl. Dip.le Aggr. Storia Societą Studi sull'Uomo - Sez. Sc. Pedagogiche Psic. Did.$bita 082 04$a153.15 100 1 $aCornoldi, Cesare$0437867 245 10$aAC-MT 6-11 :$btest di valutazione delle abilitą di calcolo e soluzione dei problemi-gruppo MT /$cCesare Cornoldi, Daniela Lucangeli e Monica Bellina 250 $aNuova ed. 264 1$aTrento :$bErikson,$c2012 300 $a201 p. :$bill. ;$c24 cm +$e+1 DVD-ROM + 12 test di valutazione + 2 guide alla somministrazione 490 0 $aTest e strumenti di valutazione psicologica e educativa 500 $aIn contenitore 506 $dUtenti abilitati all'analisi dei dati 650 4$aDiscalculia 650 4$aMatematica$xApprendimento$xPsicologia 650 4$aTest mentali 700 1 $aLucangeli, Daniela$eauthor$4http://id.loc.gov/vocabulary/relators/aut$0471582 700 1 $aBellina, Monica 907 $a.b14178801$b08-01-20$c26-03-14 912 $a991002465809707536 945 $aLE022 153 COR01.04$g1$i2022000139410$lle022$nLE022 Uffici di Biblioteca - in custodia$nLE022/PREGRESSO/2017$nLE022/ANGELELLI/2014$op$pE35.00$q-$rn$ss $t0$u1$v0$w1$x0$y.i15603623$z04-04-14 945 $aLE023 153.15 COR 1 1 Uff. Bibl.$g1$i2023000178447$lle023$op$pE39.00$q-$rn$so $t0$u0$v0$w0$x0$y.i1590989x$z10-12-19 945 $aLE023 153.15 COR 1 1 bis - studio prof.ssa Pinnelli$g1$i2023000179314$lle023$nIn deposito permanente nello studio della professoressa S. Pinnelli$op$pE39.00$q-$rn$ss $t0$u0$v0$w0$x0$y.i15912176$z08-01-20 996 $aAC-MT 6-11$91747610 997 $aUNISALENTO 998 $ale022$ale023$b26-03-14$cm$da $e-$fita$git $h0$i0 LEADER 04066nam 2200649 450 001 9910132172903321 005 20230803204057.0 010 $a1-118-55471-X 010 $a1-118-55468-X 010 $a1-118-55469-8 035 $a(CKB)3710000000215300 035 $a(EBL)1759531 035 $a(SSID)ssj0001287644 035 $a(PQKBManifestationID)11949721 035 $a(PQKBTitleCode)TC0001287644 035 $a(PQKBWorkID)11281082 035 $a(PQKB)10494975 035 $a(OCoLC)886112928 035 $a(MiAaPQ)EBC1759531 035 $a(DLC) 2014006434 035 $a(Au-PeEL)EBL1759531 035 $a(CaPaEBR)ebr10905780 035 $a(CaONFJC)MIL635790 035 $a(EXLCZ)993710000000215300 100 $a20140822h20142014 uy 0 101 0 $aeng 135 $aur|n|---||||| 181 $ctxt 182 $cc 183 $acr 200 00$aTransfusion-free medicine and surgery /$fedited by Nicolas Jabbour ; contributors Katrina A. Bramstedt [and twenty four others] 205 $aSecond edition. 210 1$aChichester, England :$cWiley Blackwell,$d2014. 210 4$d©2014 215 $a1 online resource (378 p.) 300 $aDescription based upon print version of record. 311 $a1-322-04539-9 311 $a0-470-67408-3 320 $aIncludes bibliographical references at the end of each chapters and index. 327 $aHistory of blood transfusion / Shannon L. Farmer, James Isbister, Michael F. Leahy -- The ethical complexities of transfusion-free medicine, surgery and research / Katrina A. Bramstedt -- Transfusion therapy - balancing the risks and benefits / Irina Maramica, Ira A. Shulman -- The physiology of anemia and the threshold for blood transfusion / Senthil G. Krishna, Ahsan Syed, Jason Bryant, Joseph D. Tobias -- Blood transfusion in surgery / Sharad Sharma, Lance W Griffin, Nicolas Jabbour -- Current view of coagulation system / Yoogoo Kang, Elia Elia -- Topical hemostatic agents / Fabrizio Di Benedetto, Giuseppe Tarantino -- Intraoperative strategies for transfusion-free medicine / Joseph D. Tobias -- Post-operative management in transfusion-free medicine and surgery in the ICU / Jean-Louis Vincent -- The changing transfusion practice of neonatal and pediatric surgery / Pamela J. Kling and Nicolas Jabbour -- Current management of anemia in oncology / Shelly Sharma, Sharad Sharma -- Artificial blood / Aryeh Shander, Mazyar Javidroozi, Seth Perelman -- Translational strategies to minimize transfusion requirement in liver surgery and transplantation: targeting ischemia-reperfusion injury / Reza F. Saidi, S. Kamran Hejazi Kenari -- Legal and administrative issues related to transfusion-free medicine and surgery programs / Randy Henderson, Nicolas Jabbour -- Basic principles of bloodless medicine and surgery / Nicolas Jabbour. 330 $a This book aims to be a guide to the practice of blood conservation. The first chapter discusses the legal and administrative aspects of bloodless medicine describing the legal principles and practical issues relatd to refusal of transfusion. The second is on balancing the risks and benefits of transfusion includes clinical vignettes of appropriate and inappropriate transfusion. The remainder of the book covers the principles and practice of bloodless medicine, including a chapter on the scientific issues of haemostasis and the investigation of bleeding idsorders. The book concludes with chapt 606 $aBlood$xCollection and preservation 606 $aBlood$xTransfusion$xComplications 606 $aBlood$xTransfusion$xLaw and legislation 615 0$aBlood$xCollection and preservation. 615 0$aBlood$xTransfusion$xComplications. 615 0$aBlood$xTransfusion$xLaw and legislation. 676 $a615/.39 702 $aJabbour$b Nicolas 702 $aBramstedt$b Katrina A. 801 0$bMiAaPQ 801 1$bMiAaPQ 801 2$bMiAaPQ 906 $aBOOK 912 $a9910132172903321 996 $aTransfusion-free medicine and surgery$92207393 997 $aUNINA